Vzorce nenávisti : životopis utopenej /

Hlavní autor: Choma, Branislav, 1924-2007
Další autoři: Jankovič, Ján, 1943-2021
Jazyk: Slovenština
Vydáno: Bratislava : Slovenský spisovateľ, 1974
Vydání: 1. vyd.
Edice: Zelená knižnica
Fyzický popis: 352 s. ; 8°
Knihy
Uloženo v:
LEADER 00965nam a22002892a 4500
001 001214256
003 CZ BrMZK
005 20120518204447.0
007 ta
008 120518s1974 xo er|||||||||||slo d
040 |a ABA001  |b cze  |d ABA001 
041 1 |a slo  |h ukr 
080 9 |a 886.2-312.4=854 
100 1 |a Choma, Branislav,  |d 1924-2007  |7 ola2002150728  |4 aut 
245 1 0 |a Vzorce nenávisti :  |b životopis utopenej /  |c Branko Belan ; prel. Ján Jankovič 
250 |a 1. vyd. 
260 |a Bratislava :  |b Slovenský spisovateľ,  |c 1974 
300 |a 352 s. ;  |c 8° 
490 1 |a Zelená knižnica 
500 |a Přeloženo z ukrajinštiny 
700 1 |a Jankovič, Ján,  |d 1943-2021  |7 js20020805660  |4 trl 
765 0 |t Obrasci mržnje. Biografija utopljenice  |9 Slovensky 
830 0 |a Zelená knižnica  |0 s 
910 |a BOA001  |b D-0736.886 
990 |a BK 
991 |b 201205 
996 6 |b 2619534389  |c D-0736.886  |l MZK  |r Sklad / do 24 hodin  |n 0  |w 001248011  |u 000010  |a 1  |e BOA001  |j MZK50  |s P